Statistiques concernant Culture Générale - Série 402

Cliquez ici pour prendre le quiz!

Statistiques générales

  • Ce quiz a été pris 540 fois
  • Le résultat moyen est 8 sur 10

Statistiques - réponses

QuestionRéponse% Correct
Quelle couleur primaire faut-il ajouter au jaune pour obtenir de l'orange ?Le rouge
99%
Sur quelle partie du corps doit-on enfiler des leggings ?Les jambes
99%
Combien y a-t-il de "i" dans le mot "indivisibilité" ?six
97%
Quel nom donne-t-on à la fondue composée de fromage et de vin blanc, que l'on déguste avec des morceaux de pains ?La fondue savoyarde
88%
Quelle mer, bordée par l'Israël et la Jordanie, a un taux de salinité si élévé qu'aucune vie n'y est possible ?La mer Morte
82%
Dans quel film de Stanley Kubrick Jack Nicholson poursuit-il sa femme avec une hache ?Shining
69%
Quel compositeur italien a donné son nom au tournedos servi avec une tranche de foie gras ?Rossini
68%
Dans "Les Aventures de Tintin", comment s'appelle le château du capitaine Haddock ?Moulinsart
62%
Comment s'appelle le personnage interprété par Michel Blanc dans le film "Les bronzés font du ski" de Patrice Leconte ?Jean-Claude Dusse
51%
Quel nom de personnage de bande dessinée Thierry Lhermitte porte-t-il dans la saga "Les Bronzés" de Patrice Leconte ?Popeye
51%

Distribution des résultats

Percentile par nombre de réponses

% des personnes avec chaque résultat

Votre développement - résultats

Vous n’avez pas pris ce quiz